Наставничество в профилактической работе с молодежью (Запись № 13714905)

Подробности
000 -МАРКЕР
контрольное поле 03048nam0a2200421 4500
001 - ИДЕНТИФИКАТОР ЗАПИСИ
контрольное поле RU\NLR\BIBL_A\022711210
005 - ИДЕНТИФИКАТОР ВЕРСИИ
контрольное поле 20260531093206.0
010 ## - МЕЖДУНАРОДНЫЙ СТАНДАРТНЫЙ НОМЕР КНИГИ (ISBN)
Номер (ISBN) 978-5-6054925-5-9
Тираж 310
021 ## - НОМЕР ГОСУДАРСТВЕННОЙ РЕГИСТРАЦИИ
Код страны Российская Федерация
Номер КН-П-25-075100
Номер Листа государственной регистраци КН-П-25-7289
035 ## - ДРУГИЕ СИСТЕМНЫЕ НОМЕРА
Идентификатор записи (NLR Aleph) 022711210
100 ## - ДАННЫЕ ОБЩЕЙ ОБРАБОТКИ
Данные общей обработки 20260129d2025 u y0rusy50 ca
101 0# - ЯЗЫК РЕСУРСА
Язык текста, звукозаписи и т.д. русский
102 ## - СТРАНА ПУБЛИКАЦИИ ИЛИ ПРОИЗВОДСТВА
Страна публикации Российская Федерация
105 ## - ПОЛЕ КОДИРОВАННЫХ ДАННЫХ: ТЕКСТОВЫЕ МАТЕРИАЛЫ, МОНОГРАФИЧЕСКИЕ
Кодированные данные о монографическом текстовом документе a j 000yy
181 #0 - ПОЛЕ КОДИРОВАННЫХ ДАННЫХ: ВИД СОДЕРЖАНИЯ
Код вида содержания (ISBD) i3
Код характеристики содержания (ISBD) axxe
182 #0 - ПОЛЕ КОДИРОВАННЫХ ДАННЫХ: ТИП СРЕДСТВА
Код типа средства (ISBD) n - непосредственное
200 1# - ЗАГЛАВИЕ И СВЕДЕНИЯ ОБ ОТВЕТСТВЕННОСТИ
Основное заглавие Наставничество в профилактической работе с молодежью
Сведения, относящиеся к заглавию методическое пособие
-- для специалистов сферы молодежной политики
Первые сведения об ответственности Снегур М. Р., Шилова В. А., Штерн А. Г.
Последующие сведения об ответственности Правительство Санкт-Петербурга, Комитет по молодежной политике и взаимодействию с общественными организациями, Санкт-Петербургское государственное бюджетное учреждение "Городской центр социальных программ и профилактики асоциальных явлений среди молодежи "Контакт"
203 ## - ВИД СОДЕРЖАНИЯ И ТИП СРЕДСТВА
Вид содержания Текст
Дополнительные сведения об издании визуальный
Тип средства непосредственный
210 ## - ПУБЛИКАЦИЯ, РАСПРОСТРАНЕНИЕ И ДР.
Место издания, распространения и т.д. Санкт-Петербург
Имя издателя, распространителя и т. д. Санкт-Петербургское государственное бюджетное учреждение "Городской центр социальных программ и профилактики асоциальных явлений среди молодежи "Контакт"
Дата издания, распространения и т.д. 2025
215 ## - ФИЗИЧЕСКАЯ ХАРАКТЕРИСТИКА
Специфическое обозначение материала и объем 38 с.
Другие сведения о физической характеристике цв. ил.
Размеры 21
300 ## - ОБЩИЕ ПРИМЕЧАНИЯ
Текст примечания На обл. подзаг.: Для специалистов, работающих в сфере профилактики ассоциального поведения молодежи
300 ## - ОБЩИЕ ПРИМЕЧАНИЯ
Текст примечания Авт. указаны на обороте тит. с.
320 ## - ПРИМЕЧАНИЯ О НАЛИЧИИ В ДОКУМЕНТЕ БИБЛИОГРАФИИ / УКАЗАТЕЛЯ
Текст примечания Библиогр.: с. 37-38 (25 назв.)
606 1# - НАИМЕНОВАНИЕ ТЕМЫ КАК ПРЕДМЕТ
Наименование темы Наставничество в социальной работе
Формальный подзаголовок Методические пособия
Системный номер авторитетной/нормативной записи 2704808
Идентификатор авторитетной/нормативной записи RU\NLR\AUTH\6601769091
606 1# - НАИМЕНОВАНИЕ ТЕМЫ КАК ПРЕДМЕТ
Наименование темы Наставничество в воспитании
Формальный подзаголовок Методические пособия
Системный номер авторитетной/нормативной записи 2434392
Идентификатор авторитетной/нормативной записи RU\NLR\AUTH\6601666833
686 1# - ИНДЕКСЫ ДРУГИХ КЛАССИФИКАЦИЙ
Индекс С550.473я7
686 1# - ИНДЕКСЫ ДРУГИХ КЛАССИФИКАЦИЙ
Индекс С550.44я7
686 1# - ИНДЕКСЫ ДРУГИХ КЛАССИФИКАЦИЙ
Индекс Ч313.20я8
700 #1 - ИМЯ ЛИЦА - ПЕРВИЧНАЯ ОТВЕТСТВЕННОСТЬ
Начальный элемент ввода Снегур
Часть имени, кроме начального элемента ввода М. Р.
Расширение инициалов личного имени Маргарита Романовна
701 #1 - ИМЯ ЛИЦА - АЛЬТЕРНАТИВНАЯ ОТВЕТСТВЕННОСТЬ
Начальный элемент ввода Шилова
Часть имени, кроме начального элемента ввода В. А.
Расширение инициалов личного имени Виктория Артемовна
701 #1 - ИМЯ ЛИЦА - АЛЬТЕРНАТИВНАЯ ОТВЕТСТВЕННОСТЬ
Начальный элемент ввода Штерн
Часть имени, кроме начального элемента ввода А. Г.
Расширение инициалов личного имени Александра Геннадьевна
712 02 - НАИМЕНОВАНИЕ ОРГАНИЗАЦИИ - ВТОРИЧНАЯ ОТВЕТСТВЕННОСТЬ
Код отношения Издающая организация
Начальный элемент ввода "Контакт", городской центр социальных программ и профилактики асоциальных явлений среди молодежи
Идентифицирующий признак Санкт-Петербург
Системный номер авторитетной/нормативной записи 427182
Идентификатор авторитетной/нормативной записи RU\NLR\AUTH\880380413
942 ## - ДОПОЛНИТЕЛЬНЫЕ ЭЛЕМЕНТЫ ЗАПИСИ (АБИС)
Тип экземпляра АБИС Книга
980 ## - КОЛЛЕКЦИЯ
Название коллекции Национальная библиография

Нет доступных экземпляров.